000 00466nam a2200169Ia 4500
003 GCL
008 140319s9999 xx 000 0 ara d
040 _aGCL /
_cGCL
082 0 4 _aط
_b813.01
_bو و
100 1 _aورشة لويجي روفير
245 1 0 _aوسائل النقل /
_cورشة لويجي روفير
490 _aسلسلة الهوايات
_v0
650 0 4 _aالاطفال
650 0 4 _aالرسم
650 0 4 _aالتلوين
942 _2ddc
_cBK
999 _c51431
_d51431